000 00876nam a2200253 i 4500
001 105865
003 ES-MaACL
005 20250727062606.0
007 t|
008 060905s1948 fr ||||1| fre d
080 _a330.84/.86
100 1 _aMacDonald, Dwight.
_975107
245 1 0 _aPartir de l'homme... (the root es man)
_b: examen critique des fondements de l'action socialiste /
_cDwight MacDonald ; traduit de l'anglais par J. Moreau ; préface de G. Gortély.
260 _aParis :
_bRené Lefeuvre,
_c[1948]
300 _aXVII, 141 p. ;
_c19 cm.
490 1 _aSpartacus. 2e. série ;
_v7
500 _aBiblioteca Juan Andrade.
650 1 7 _aSocialismo
_2embne
_917147
700 1 _aMoreau, J.
_983209
700 1 _aGortély, G.
_959235
830 0 _aSpartacus. 2e. série ;
_v7
_9185113
852 _aES-MaACL
_jAND-702
_bR.109998
999 _c105865
_d105865